000 00412nam a2200181Ia 4500
001 19769
005 20260306172717.0
008 260306t2006||||xx |||||||||||||| ||spa||
041 _aESP
082 _a341.1
_bA87
100 _aAtienza, Manuel
_eAUT
245 0 _aIlícitos atípicos
260 _c2006
300 _a133 páginas :
_c23 cm.
650 _aGEN
654 _aCDE
942 _cLIB
_dJUS
_fJUS
_2ddc
_n
999 _c19769
_d19769